Don Diablo Charting Songs (Billboard Hot Dance) - Statistics

General Stats
  • This quiz has been taken 14 times
    4 since last reset
  • The average score is 5 of 8
Answer Stats
Album Weeks On Peak Artist(s) Song % Correct
Forever 2 Weeks #34 Don Diablo ft. Emeli Sande & Gucci Mane Survive
100%
Forever 10 Weeks #34 Don Diablo ft. Zak Abel Bad
67%
Non-Album Single 1 Week #39 Don Diablo ft. WATTS Face to Face
67%
Non-Album Single 1 Week #48 Don Diablo Mr. Brightside
67%
Forever 1 Week #44 Don Diablo & Freak Fantastique Stay Awake
67%
Future 19 Weeks #23 Don Diablo ft. A R I Z O N A Take Her Place
67%
Forever 2 Weeks #22 Don Diablo & Galantis Tears for Later
67%
Future 1 Week #44 Don Diablo Momentum
33%
No matching quizzes found
Score Distribution
Percent of People with Each Score
Percentile by Number Answered
Your Score History
You have not taken this quiz since the last reset